Tarantino films by bad description - Statistics

General Stats
  • This quiz has been taken 134 times
  • The average score is 68 of 81
Answer Stats
Question Tile Select % Correct
Couple complain at a diner, guy drives fast, guy with weird hair does heroin and dances Django unchained No
95%
Jews kill the nazis and guy speaks languages Django unchained No
95%
Couple complain at a diner, guy drives fast, guy with weird hair does heroin and dances Hateful eight No
95%
Couple complain at a diner, guy drives fast, guy with weird hair does heroin and dances Inglourious basterds No
95%
Jews kill the nazis and guy speaks languages Jackie Brown No
95%
Guy is in the cellar and racist gets killed Kill bill No
95%
Couple complain at a diner, guy drives fast, guy with weird hair does heroin and dances Once upon a time in hollywood No
95%
Jews kill the nazis and guy speaks languages Once upon a time in hollywood No
95%
Jews kill the nazis and guy speaks languages Pulp fiction No
95%
Jews kill the nazis and guy speaks languages Reservoir dogs No
95%
Jews kill the nazis and guy speaks languages Death proof No
94%
Jews kill the nazis and guy speaks languages Hateful eight No
94%
Couple complain at a diner, guy drives fast, guy with weird hair does heroin and dances Jackie Brown No
94%
Couple complain at a diner, guy drives fast, guy with weird hair does heroin and dances Kill bill No
94%
Jews kill the nazis and guy speaks languages Kill bill No
94%
Guy is in the cellar and racist gets killed Once upon a time in hollywood No
94%
Jews kill the nazis and guy speaks languages Inglourious basterds Yes
93%
Guy is in the cellar and racist gets killed Jackie Brown No
93%
Couple complain at a diner, guy drives fast, guy with weird hair does heroin and dances Death proof No
92%
Guy is in the cellar and racist gets killed Death proof No
92%
Couple complain at a diner, guy drives fast, guy with weird hair does heroin and dances Reservoir dogs No
92%
Guy cries about his career and has a flamethrower Inglourious basterds No
90%
Woman doesn’t get married and trashes a mansion Pulp fiction No
90%
Guy cries about his career and has a flamethrower Pulp fiction No
90%
Woman doesn’t get married and trashes a mansion Reservoir dogs No
90%
Guy is in the cellar and racist gets killed Reservoir dogs No
90%
Woman doesn’t get married and trashes a mansion Death proof No
89%
Guy dances to steelers wheel and guy can’t hear so well Django unchained No
89%
Guy cries about his career and has a flamethrower Django unchained No
89%
Car, women Django unchained No
89%
Woman doesn’t get married and trashes a mansion Hateful eight No
89%
Car, women Hateful eight No
89%
Woman doesn’t get married and trashes a mansion Inglourious basterds No
89%
Guy dances to steelers wheel and guy can’t hear so well Inglourious basterds No
89%
Car, women Inglourious basterds No
89%
Guy dances to steelers wheel and guy can’t hear so well Kill bill No
89%
Bags on heads, dentist Kill bill No
89%
Guy cries about his career and has a flamethrower Kill bill No
89%
Couple complain at a diner, guy drives fast, guy with weird hair does heroin and dances Pulp fiction Yes
89%
Car, women Reservoir dogs No
89%
Guy cries about his career and has a flamethrower Hateful eight No
88%
Bags on heads, dentist Inglourious basterds No
88%
Guy cries about his career and has a flamethrower Jackie Brown No
88%
Bags on heads, dentist Once upon a time in hollywood No
88%
Bags on heads, dentist Pulp fiction No
87%
Woman doesn’t get married and trashes a mansion Django unchained No
86%
Woman walks through airport and shopping mall Django unchained No
86%
Woman walks through airport and shopping mall Inglourious basterds No
86%
Woman walks through airport and shopping mall Pulp fiction No
86%
Guy is in the cellar and racist gets killed Inglourious basterds No
85%
Car, women Pulp fiction No
85%
Woman walks through airport and shopping mall Reservoir dogs No
85%
Guy cries about his career and has a flamethrower Death proof No
84%
Bags on heads, dentist Jackie Brown No
84%
Guy dances to steelers wheel and guy can’t hear so well Pulp fiction No
84%
Guy cries about his career and has a flamethrower Reservoir dogs No
84%
Woman doesn’t get married and trashes a mansion Once upon a time in hollywood No
83%
Woman walks through airport and shopping mall Once upon a time in hollywood No
83%
Guy dances to steelers wheel and guy can’t hear so well Jackie Brown No
82%
Guy dances to steelers wheel and guy can’t hear so well Once upon a time in hollywood No
82%
Car, women Once upon a time in hollywood No
82%
Woman walks through airport and shopping mall Hateful eight No
81%
Woman walks through airport and shopping mall Kill bill No
81%
Guy dances to steelers wheel and guy can’t hear so well Death proof No
80%
Woman walks through airport and shopping mall Death proof No
80%
Guy dances to steelers wheel and guy can’t hear so well Hateful eight No
80%
Woman doesn’t get married and trashes a mansion Jackie Brown No
79%
Guy is in the cellar and racist gets killed Pulp fiction No
79%
Bags on heads, dentist Death proof No
78%
Car, women Jackie Brown No
77%
Bags on heads, dentist Reservoir dogs No
77%
Bags on heads, dentist Hateful eight No
74%
Car, women Kill bill No
72%
Guy cries about his career and has a flamethrower Once upon a time in hollywood Yes
72%
Woman doesn’t get married and trashes a mansion Kill bill Yes
69%
Woman walks through airport and shopping mall Jackie Brown Yes
68%
Car, women Death proof Yes
54%
Guy dances to steelers wheel and guy can’t hear so well Reservoir dogs Yes
54%
Guy is in the cellar and racist gets killed Django unchained No
47%
Bags on heads, dentist Django unchained Yes
41%
Guy is in the cellar and racist gets killed Hateful eight Yes
22%
No matching quizzes found
Score Distribution
Percent of People with Each Score
Percentile by Number Answered
Your Score History
You have not taken this quiz